<?xml version="1.0" encoding="UTF-8"?>
<record
    xmlns:xsi="http://www.w3.org/2001/XMLSchema-instance"
    xsi:schemaLocation="http://www.loc.gov/MARC21/slim http://www.loc.gov/standards/marcxml/schema/MARC21slim.xsd"
    xmlns="http://www.loc.gov/MARC21/slim">

  <leader>02012nam a22002777a 4500</leader>
  <controlfield tag="005">20110829095733.0</controlfield>
  <datafield tag="010" ind1=" " ind2=" ">
    <subfield code="a">B-442820-824 B-442835-836</subfield>
  </datafield>
  <datafield tag="020" ind1=" " ind2=" ">
    <subfield code="c">995.00</subfield>
    <subfield code="a">9789380748153</subfield>
  </datafield>
  <datafield tag="035" ind1=" " ind2=" ">
    <subfield code="a">B-442820-824 B-442835-836</subfield>
  </datafield>
  <datafield tag="037" ind1=" " ind2=" ">
    <subfield code="b">RBC/Ven</subfield>
  </datafield>
  <datafield tag="082" ind1="0" ind2="0">
    <subfield code="a">305.40954</subfield>
  </datafield>
  <datafield tag="100" ind1="1" ind2=" ">
    <subfield code="a">Krishna Kumari</subfield>
    <subfield code="9">34600</subfield>
  </datafield>
  <datafield tag="245" ind1="1" ind2="4">
    <subfield code="a">The position of women in Hindu civilization /</subfield>
    <subfield code="c">by Krishna Kumari</subfield>
  </datafield>
  <datafield tag="260" ind1=" " ind2=" ">
    <subfield code="a">New Delhi :</subfield>
    <subfield code="b">Mohit Books International</subfield>
    <subfield code="c">2011</subfield>
  </datafield>
  <datafield tag="300" ind1=" " ind2=" ">
    <subfield code="a">vii, 304p.</subfield>
    <subfield code="c">22 cm. (Hb)</subfield>
  </datafield>
  <datafield tag="500" ind1=" " ind2=" ">
    <subfield code="a">Includes bibliographical references and index.</subfield>
  </datafield>
  <datafield tag="942" ind1=" " ind2=" ">
    <subfield code="2">ddc</subfield>
    <subfield code="c">EN</subfield>
    <subfield code="h">305.40954</subfield>
    <subfield code="m">KRI</subfield>
  </datafield>
  <datafield tag="999" ind1=" " ind2=" ">
    <subfield code="c">56074</subfield>
    <subfield code="d">56074</subfield>
  </datafield>
  <datafield tag="952" ind1=" " ind2=" ">
    <subfield code="0">0</subfield>
    <subfield code="1">0</subfield>
    <subfield code="4">0</subfield>
    <subfield code="7">0</subfield>
    <subfield code="8">NFIC</subfield>
    <subfield code="a">L</subfield>
    <subfield code="b">L</subfield>
    <subfield code="d">2011-09-06</subfield>
    <subfield code="e">RBC-25814/2011-12/12.7.11/76/4.3.11/18.7.11</subfield>
    <subfield code="g">995.00</subfield>
    <subfield code="l">3</subfield>
    <subfield code="o">305.40954 KRI</subfield>
    <subfield code="p">B-442820</subfield>
    <subfield code="r">2025-08-18 00:00:00</subfield>
    <subfield code="s">2025-08-02</subfield>
    <subfield code="t">1</subfield>
    <subfield code="v">995.00</subfield>
    <subfield code="w">2011-09-06</subfield>
    <subfield code="y">EN</subfield>
  </datafield>
  <datafield tag="952" ind1=" " ind2=" ">
    <subfield code="0">0</subfield>
    <subfield code="1">0</subfield>
    <subfield code="4">0</subfield>
    <subfield code="7">0</subfield>
    <subfield code="8">NFIC</subfield>
    <subfield code="a">BL1</subfield>
    <subfield code="b">BL1</subfield>
    <subfield code="d">2011-09-06</subfield>
    <subfield code="e">RBC-25814/2011-12/12.7.11/76/4.3.11/18.7.11</subfield>
    <subfield code="g">995.00</subfield>
    <subfield code="l">3</subfield>
    <subfield code="m">1</subfield>
    <subfield code="o">305.40954 KRI</subfield>
    <subfield code="p">B-442821</subfield>
    <subfield code="r">2023-07-12 00:00:00</subfield>
    <subfield code="s">2023-06-26</subfield>
    <subfield code="t">1</subfield>
    <subfield code="v">995.00</subfield>
    <subfield code="w">2011-09-06</subfield>
    <subfield code="y">EN</subfield>
  </datafield>
  <datafield tag="952" ind1=" " ind2=" ">
    <subfield code="0">0</subfield>
    <subfield code="1">0</subfield>
    <subfield code="4">0</subfield>
    <subfield code="7">0</subfield>
    <subfield code="8">NFIC</subfield>
    <subfield code="a">JP</subfield>
    <subfield code="b">JP</subfield>
    <subfield code="d">2011-09-06</subfield>
    <subfield code="e">RBC-25814/2011-12/12.7.11/76/4.3.11/18.7.11</subfield>
    <subfield code="g">995.00</subfield>
    <subfield code="l">7</subfield>
    <subfield code="m">3</subfield>
    <subfield code="o">305.40954 KRI</subfield>
    <subfield code="p">B-442822</subfield>
    <subfield code="r">2026-01-17 00:00:00</subfield>
    <subfield code="s">2026-01-03</subfield>
    <subfield code="t">1</subfield>
    <subfield code="v">995.00</subfield>
    <subfield code="w">2011-09-06</subfield>
    <subfield code="y">EN</subfield>
  </datafield>
  <datafield tag="952" ind1=" " ind2=" ">
    <subfield code="0">0</subfield>
    <subfield code="1">0</subfield>
    <subfield code="4">0</subfield>
    <subfield code="7">0</subfield>
    <subfield code="8">NFIC</subfield>
    <subfield code="a">ZLS</subfield>
    <subfield code="b">ZLS</subfield>
    <subfield code="d">2011-09-06</subfield>
    <subfield code="e">RBC-25814/2011-12/12.7.11/76/4.3.11/18.7.11</subfield>
    <subfield code="g">995.00</subfield>
    <subfield code="l">2</subfield>
    <subfield code="m">1</subfield>
    <subfield code="o">305.40954 KRI</subfield>
    <subfield code="p">B-442823</subfield>
    <subfield code="r">2023-06-22 00:00:00</subfield>
    <subfield code="s">2023-06-16</subfield>
    <subfield code="t">1</subfield>
    <subfield code="v">995.00</subfield>
    <subfield code="w">2011-09-06</subfield>
    <subfield code="y">EN</subfield>
  </datafield>
  <datafield tag="952" ind1=" " ind2=" ">
    <subfield code="0">0</subfield>
    <subfield code="1">0</subfield>
    <subfield code="4">0</subfield>
    <subfield code="7">0</subfield>
    <subfield code="8">NFIC</subfield>
    <subfield code="a">VP</subfield>
    <subfield code="b">VP</subfield>
    <subfield code="d">2011-09-06</subfield>
    <subfield code="e">RBC-25814/2011-12/12.7.11/76/4.3.11/18.7.11</subfield>
    <subfield code="g">995.00</subfield>
    <subfield code="l">1</subfield>
    <subfield code="o">305.40954 KRI</subfield>
    <subfield code="p">B-442824</subfield>
    <subfield code="r">2015-01-12 00:00:00</subfield>
    <subfield code="s">2014-12-30</subfield>
    <subfield code="t">1</subfield>
    <subfield code="v">995.00</subfield>
    <subfield code="w">2011-09-06</subfield>
    <subfield code="y">EN</subfield>
  </datafield>
  <datafield tag="952" ind1=" " ind2=" ">
    <subfield code="0">0</subfield>
    <subfield code="1">0</subfield>
    <subfield code="4">0</subfield>
    <subfield code="7">0</subfield>
    <subfield code="8">NFIC</subfield>
    <subfield code="a">BL3</subfield>
    <subfield code="b">BL3</subfield>
    <subfield code="d">2011-09-06</subfield>
    <subfield code="e">RBC-25814/2011-12/12.7.11/76/4.3.11/18.7.11</subfield>
    <subfield code="g">995.00</subfield>
    <subfield code="l">0</subfield>
    <subfield code="o">305.40954 KRI</subfield>
    <subfield code="p">B-442835</subfield>
    <subfield code="r">2011-09-06 00:00:00</subfield>
    <subfield code="t">1</subfield>
    <subfield code="v">995.00</subfield>
    <subfield code="w">2011-09-06</subfield>
    <subfield code="y">EN</subfield>
  </datafield>
  <datafield tag="952" ind1=" " ind2=" ">
    <subfield code="0">0</subfield>
    <subfield code="1">0</subfield>
    <subfield code="4">0</subfield>
    <subfield code="7">0</subfield>
    <subfield code="8">NFIC</subfield>
    <subfield code="a">BL4</subfield>
    <subfield code="b">BL4</subfield>
    <subfield code="d">2011-09-06</subfield>
    <subfield code="e">RBC-25814/2011-12/12.7.11/76/4.3.11/18.7.11</subfield>
    <subfield code="g">995.00</subfield>
    <subfield code="l">0</subfield>
    <subfield code="o">305.40954 KRI</subfield>
    <subfield code="p">B-442836</subfield>
    <subfield code="r">2011-09-06 00:00:00</subfield>
    <subfield code="t">1</subfield>
    <subfield code="v">995.00</subfield>
    <subfield code="w">2011-09-06</subfield>
    <subfield code="y">EN</subfield>
  </datafield>
</record>
